<?xml version="1.0" encoding="UTF-8"?>
<record
    xmlns:xsi="http://www.w3.org/2001/XMLSchema-instance"
    xsi:schemaLocation="http://www.loc.gov/MARC21/slim http://www.loc.gov/standards/marcxml/schema/MARC21slim.xsd"
    xmlns="http://www.loc.gov/MARC21/slim">

  <leader>00721nam a22001937a 4500</leader>
  <controlfield tag="003">OSt</controlfield>
  <controlfield tag="005">20260617134353.0</controlfield>
  <controlfield tag="008">260617b        |||||||| |||| 00| 0 eng d</controlfield>
  <datafield tag="040" ind1=" " ind2=" ">
    <subfield code="c">chuka</subfield>
  </datafield>
  <datafield tag="050" ind1=" " ind2=" ">
    <subfield code="a">THE SB 945 </subfield>
    <subfield code="b">.N48 2025</subfield>
  </datafield>
  <datafield tag="100" ind1=" " ind2=" ">
    <subfield code="a">Janiffer Wanjiku Nguru</subfield>
    <subfield code="9">29753</subfield>
  </datafield>
  <datafield tag="245" ind1=" " ind2=" ">
    <subfield code="a">Occurence of root knot nema todes in chard (beta vulgaris var.cicla) and thr management using resistance and selected organic amendments in murang'a county kenya </subfield>
  </datafield>
  <datafield tag="260" ind1=" " ind2=" ">
    <subfield code="a">chuka-kenya</subfield>
    <subfield code="b">chuka university</subfield>
    <subfield code="c">2025</subfield>
  </datafield>
  <datafield tag="300" ind1=" " ind2=" ">
    <subfield code="a">83p</subfield>
  </datafield>
  <datafield tag="650" ind1=" " ind2=" ">
    <subfield code="a">1. Root-knot nematodes ......kenya</subfield>
    <subfield code="9">29754</subfield>
  </datafield>
  <datafield tag="650" ind1=" " ind2=" ">
    <subfield code="a">2. chard.....diseases and pest ....kenya</subfield>
    <subfield code="9">29755</subfield>
  </datafield>
  <datafield tag="650" ind1=" " ind2=" ">
    <subfield code="a">3. Soil amendments .....pest control</subfield>
    <subfield code="9">29756</subfield>
  </datafield>
  <datafield tag="942" ind1=" " ind2=" ">
    <subfield code="2">lcc</subfield>
    <subfield code="c">THE</subfield>
    <subfield code="n">0</subfield>
  </datafield>
  <datafield tag="952" ind1=" " ind2=" ">
    <subfield code="0">0</subfield>
    <subfield code="1">0</subfield>
    <subfield code="2">lcc</subfield>
    <subfield code="4">0</subfield>
    <subfield code="7">1</subfield>
    <subfield code="8">T&amp;D</subfield>
    <subfield code="a">PG</subfield>
    <subfield code="b">CHK</subfield>
    <subfield code="c">GEN</subfield>
    <subfield code="d">2026-06-17</subfield>
    <subfield code="l">0</subfield>
    <subfield code="o">THE SB 945 .N48 2025</subfield>
    <subfield code="p">30960/2026</subfield>
    <subfield code="r">2026-06-17 13:48:15</subfield>
    <subfield code="t">C.1</subfield>
    <subfield code="w">2026-06-17</subfield>
    <subfield code="y">THE</subfield>
  </datafield>
  <datafield tag="952" ind1=" " ind2=" ">
    <subfield code="0">0</subfield>
    <subfield code="1">0</subfield>
    <subfield code="2">lcc</subfield>
    <subfield code="4">0</subfield>
    <subfield code="7">1</subfield>
    <subfield code="8">T&amp;D</subfield>
    <subfield code="a">PG</subfield>
    <subfield code="b">EMB</subfield>
    <subfield code="c">GEN</subfield>
    <subfield code="d">2026-06-17</subfield>
    <subfield code="l">0</subfield>
    <subfield code="o">THE SB 945 .N48 2025</subfield>
    <subfield code="p">30959/2026</subfield>
    <subfield code="r">2026-06-17 13:48:15</subfield>
    <subfield code="t">C.2</subfield>
    <subfield code="w">2026-06-17</subfield>
    <subfield code="y">THE</subfield>
  </datafield>
  <datafield tag="952" ind1=" " ind2=" ">
    <subfield code="0">0</subfield>
    <subfield code="1">0</subfield>
    <subfield code="2">lcc</subfield>
    <subfield code="4">0</subfield>
    <subfield code="7">1</subfield>
    <subfield code="8">T&amp;D</subfield>
    <subfield code="a">PG</subfield>
    <subfield code="b">CHG</subfield>
    <subfield code="c">GEN</subfield>
    <subfield code="d">2026-06-17</subfield>
    <subfield code="l">0</subfield>
    <subfield code="o">THE SB 945 .N48 2025</subfield>
    <subfield code="p">30961/2026</subfield>
    <subfield code="r">2026-06-17 13:48:15</subfield>
    <subfield code="t">C.3</subfield>
    <subfield code="w">2026-06-17</subfield>
    <subfield code="y">THE</subfield>
  </datafield>
  <datafield tag="999" ind1=" " ind2=" ">
    <subfield code="c">24566</subfield>
    <subfield code="d">24566</subfield>
  </datafield>
</record>
